Les plus gros transferts du football - Arrières droits - 2018-2019 - Statistiques

Statistiques générales
  • Ce quiz a été pris 18 fois
  • Le résultat moyen est 5 sur 10
Statistiques - réponses
Montant de transfert (M €) Nationalité Venant de Allant à Joueur % Correct
40,40 Portugal FC Valencia Juventus Turin João Cancelo
100%
22,00 Portugal FC Porto Manchester United Diogo Dalot
76%
22,00 Portugal FC Porto Leciester Ricardo Pereira
71%
12,00 France LOSC Lille Napoli Kévin Malcuit
65%
32,00 Espagne Real Sociedad Real Madrid Álvaro Odriozola
53%
16,00 France Montpellier RB Leipzig Nordi Mukiele
53%
20,00 Allemagne Bayer Leverkusen AS Monaco Benjamin Henrichs
29%
12,00 Brésil Atlético Mineiro Barcelone Emerson Royal
12%
12,00 Allemagne Hertha BSC Bayer Leverkusen Mitchell Weiser
12%
21,00 Espagne Atlético Madrid Wolverhampton Jonny Otto
0%
Aucun quiz correspondant
Distribution des résultats
% des personnes avec chaque résultat
Percentile par nombre de réponses
Votre historique - résultats
Vous n’avez pas pris ce quiz